00953nas a2200229Ia 4500001001100000003000900011008004100020040001300061040001300074041001300087100004500100210001200145222001200157245009500169250001100264260002200275501008600297300001800383362003100401500024800432650004300680R142/77673IT-RoPAU151124c99999999xx |||||||||||| ||und|| aIT-RoPAU cIT-RoPAU aFRANCESE aTinland FranckgCodice Aut. SPICS: 46016 aRESEAUX aReseaux aRESEAUX, N.048 (LUGLIO/AGOSTO 1991)bFaut-Il Avoir Peur Du "Nouveau Desordre Des Reseaux"? a1a ed. aPARISbCNETc1991 bPaulus - SPICS - Società San Paolo EM (non-commercial uses only)cCopyright2015 a12 p. [39-50] aN.048 (LUGLIO/AGOSTO 1991) aC'E' da Aver Paura del Nuovo Disordine Delle Reti? Mezzi Tecnici nella Rete Dello Spazio Interumano. Esistenza, Coesistenza, Cambio e Comunicazione. Altra Faccia dell'Ordine. Rumori di Fondo dell'Interattività e Autoregolamentazione Sociale. aCOMUNICAZIONEvPUBBLICAZIONE PERIODICA